[Event "Cappelle Online Blitz op 1st"]
[Site "Europe Echecs INT"]
[Date "2021.01.10"]
[Round "2"]
[White "Bykhovsky, Avigdor"]
[Black "Le Bris, Yann"]
[Result "1-0"]
[WhiteElo "2404"]
[BlackElo "1976"]
[PlyCount "67"]
[EventDate "2021.01.10"]
[EventType "swiss (blitz)"]
[EventRounds "11"]
[EventCountry "FRA"]
[SourceTitle "CBM 200 Extra"]
[Source "ChessBase"]
[SourceDate "2021.03.31"]
[SourceVersion "1"]
[SourceVersionDate "2021.03.31"]
[SourceQuality "1"]

1. d4 d5 2. c4 e6 3. Nf3 Nf6 4. Nc3 Bb4 5. Qa4+ Nc6 6. e3 0-0 7. Qc2 Re8 8. Bd2 Bf8 9. 0-0-0 a6 10. a3 Ne7 11. Ne5 c6 12. f4 dxc4 13. Bxc4 b5 14. Bd3 Qb6 15. Kb1 Ned5 16. Ne4 Bb7 17. Nc5 Rac8 18. b4 Bxc5 19. dxc5 Qc7 20. g4 g6 21. h4 Nd7 22. Nxd7 Qxd7 23. h5 e5 24. hxg6 fxg6 25. Bc1 Qe7 26. f5 e4 27. Be2 Rcd8 28. fxg6 hxg6 29. Bb2 Nf6 30. Rdf1 Nh7 31. Bd1 Rf8 32. Qh2 Rxf1 33. Rxf1 Re8 34. Bb3+ 1-0

[Event "Cappelle Online Blitz op 1st"]
[Site "Europe Echecs INT"]
[Date "2021.01.10"]
[Round "7"]
[White "Le Bris, Yann"]
[Black "Fischer, Daniel1111"]
[Result "0-1"]
[WhiteElo "1976"]
[BlackElo "2276"]
[PlyCount "98"]
[EventDate "2021.01.10"]
[EventType "swiss (blitz)"]
[EventRounds "11"]
[EventCountry "FRA"]
[SourceTitle "CBM 200 Extra"]
[Source "ChessBase"]
[SourceDate "2021.03.31"]
[SourceVersion "1"]
[SourceVersionDate "2021.03.31"]
[SourceQuality "1"]

1. e4 c5 2. Nf3 e6 3. d4 cxd4 4. Nxd4 a6 5. Nc3 Qc7 6. Be3 Nf6 7. Be2 Bb4 8. Qd3 Nc6 9. Nxc6 bxc6 10. Bd2 d5 11. exd5 cxd5 12. 0-0 0-0 13. Nb5 Qa5 14. Bxb4 Qxb4 15. Qc3 Qe7 16. Nd4 Ne4 17. Qe3 Bb7 18. c3 Rfd8 19. Bd3 e5 20. Nf5 Qe6 21. Bxe4 dxe4 22. Qg5 g6 23. Nh6+ Kg7 24. Ng4 f5 25. Ne3 h6 26. Qh4 Rd6 27. Rfd1 Rad8 28. Qxd8 Rxd8 29. Rxd8 f4 30. Nc2 e3 31. fxe3 Qg4 32. Rd2 f3 33. Rad1 Bc6 34. Ne1 fxg2 35. Rd6 Qe2 36. Nf3 Qxf3 37. R6d2 h5 38. Re1 h4 39. Rf2 Qe4 40. h3 g5 41. Kh2 Bd5 42. Ree2 Bc4 43. Rd2 Bf1 44. Rd7+ Kg6 45. Rd6+ Kh5 46. Kg1 Qxe3 47. Rdf6 e4 48. Kh2 Qg3+ 49. Kg1 Qxh3 0-1

[Event "Quimper op 5th"]
[Site "Quimper"]
[Date "2014.10.31"]
[Round "1"]
[White "Kerbaol, Jacques"]
[Black "Le Bris, Yann"]
[Result "1/2-1/2"]
[WhiteElo "1515"]
[BlackElo "1957"]
[PlyCount "43"]
[EventDate "2014.10.31"]
[EventType "swiss"]
[EventRounds "7"]
[EventCountry "FRA"]
[SourceTitle "EXT 2016"]
[Source "ChessBase"]
[SourceDate "2015.10.08"]
[SourceVersion "1"]
[SourceVersionDate "2015.10.08"]
[SourceQuality "1"]

1. e4 e5 2. Nc3 Bc5 3. Bc4 Nf6 4. d3 d6 5. Nge2 Ng4 6. d4 exd4 7. Nxd4 Qf6 8. Be3 Nxe3 9. fxe3 Qg5 10. Qd2 Bg4 11. Nd5 Bb6 12. Nxb6 axb6 13. 0-0 Bh5 14. Rf5 Qh6 15. Raf1 f6 16. a3 Bf7 17. Bxf7+ Kxf7 18. R5f3 Ke8 19. Qc3 Kd7 20. Qc4 Re8 21. Rh3 Qg6 22. Rg3 1/2-1/2

[Event "Quimper op 5th"]
[Site "Quimper"]
[Date "2014.10.31"]
[Round "4"]
[White "Le Bris, Yann"]
[Black "Le Bihan, Baptiste"]
[Result "1-0"]
[WhiteElo "1957"]
[BlackElo "1598"]
[PlyCount "89"]
[EventDate "2014.10.31"]
[EventType "swiss"]
[EventRounds "7"]
[EventCountry "FRA"]
[SourceTitle "EXT 2016"]
[Source "ChessBase"]
[SourceDate "2015.10.08"]
[SourceVersion "1"]
[SourceVersionDate "2015.10.08"]
[SourceQuality "1"]

1. e4 e5 2. Nf3 Nc6 3. Bb5 a6 4. Ba4 Nf6 5. 0-0 b5 6. Bb3 Bb7 7. c3 Be7 8. Re1 d6 9. d4 0-0 10. Nbd2 exd4 11. cxd4 Nb4 12. Qe2 c5 13. a3 Nc6 14. d5 Ne5 15. Nxe5 dxe5 16. Nf1 c4 17. Bc2 Qb6 18. Ng3 Bc8 19. Be3 Bc5 20. Bxc5 Qxc5 21. Qe3 Qd6 22. f3 Bd7 23. Qc3 Rac8 24. Rad1 h5 25. Nf1 h4 26. g3 h3 27. g4 Qb6+ 28. Qe3 Qd6 29. Ng3 b4 30. axb4 Qxb4 31. Qc3 Qc5+ 32. Kf1 Rb8 33. Qxe5 Bb5 34. Qc3 a5 35. Nf5 Ba6 36. g5 Rxb2 37. gxf6 Rb3 38. Ne7+ Kh7 39. e5+ Kh6 40. Nf5+ Kh7 41. Ne3+ g6 42. Qd4 c3+ 43. Kf2 Qa3 44. Qh4+ Kg8 45. Qh6 1-0

[Event "Agneaux St Lo op 15th"]
[Site "Agneaux"]
[Date "2013.07.08"]
[Round "2"]
[White "Chauvet, Etienne"]
[Black "Le Bris, Yann"]
[Result "0-1"]
[WhiteElo "1620"]
[BlackElo "1910"]
[PlyCount "30"]
[EventDate "2013.07.07"]
[EventType "swiss"]
[EventRounds "9"]
[EventCountry "FRA"]
[SourceTitle "EXT 2014"]
[Source "ChessBase"]
[SourceDate "2013.11.20"]
[SourceVersion "1"]
[SourceVersionDate "2013.11.20"]
[SourceQuality "1"]

1. e4 e5 2. Nc3 Nc6 3. g3 Bc5 4. Bg2 Nf6 5. Nge2 a6 6. 0-0 d6 7. h3 b5 8. Kh2 h5 9. d3 h4 10. g4 Bxg4 11. hxg4 Nxg4+ 12. Kg1 h3 13. Bf3 Qh4 14. Bxg4 Qxg4+ 15. Ng3 Qxg3+ 0-1

[Event "FRA-chT U20 1112"]
[Site "France"]
[Date "2011.12.17"]
[Round "4.2"]
[White "Le Bris, Yann"]
[Black "Joudelat, Noemie"]
[Result "1-0"]
[WhiteElo "1672"]
[BlackElo "1769"]
[PlyCount "93"]
[EventDate "2011.12.03"]
[EventType "team-swiss"]
[EventRounds "7"]
[EventCountry "FRA"]
[SourceTitle "EXT 2013"]
[Source "ChessBase"]
[SourceDate "2012.11.22"]
[SourceVersion "1"]
[SourceVersionDate "2012.11.22"]
[SourceQuality "1"]

1. e4 c5 2. Nf3 d6 3. c3 g6 4. d4 cxd4 5. cxd4 Bg7 6. Nc3 Nc6 7. Bc4 Nf6 8. d5 Nb8 9. Be3 Nbd7 10. Rc1 Ng4 11. Bd4 Nge5 12. Nxe5 Bxe5 13. Bxe5 Nxe5 14. Bb5+ Nd7 15. Qd2 0-0 16. Bxd7 Bxd7 17. Qh6 f5 18. h4 Rf7 19. h5 g5 20. Qxg5+ Rg7 21. Qf4 fxe4 22. Qxe4 Rc8 23. Kf1 Qf8 24. Re1 Bf5 25. Qe3 Rc4 26. h6 Rf7 27. Rd1 Rf4 28. Ke1 Bc2 29. Rd2 R7f5 30. Qg3+ Kh8 31. Rxc2 Rd4 32. Rh4 Re5+ 33. Re2 Rxh4 34. Qxh4 Qf5 35. Rxe5 Qxe5+ 36. Qe4 Qg5 37. Qd4+ Kg8 38. Qg7+ Qxg7 39. hxg7 Kxg7 40. g4 Kf6 41. f4 h6 42. Kf2 Kg6 43. Ke3 Kf6 44. Ke4 Kg7 45. Nb5 a6 46. Na7 Kf7 47. Kf5 1-0